[Event "URS-chT"]
[Site "Riga"]
[Date "1975.??.??"]
[Round "?"]
[White "Beliavsky, Alexander G"]
[Black "Karpov, Anatoly"]
[Result "1/2-1/2"]
[WhiteElo "2500"]
[BlackElo "2705"]
[PlyCount "139"]
[EventDate "1975.??.??"]
[Source "ChessBase"]

1. d4 Nf6 2. c4 e6 3. Nc3 Bb4 4. e3 c5 5. Bd3 O-O 6. Nf3 d5 7. O-O dxc4 8. Bxc4 cxd4 9. exd4 b6 10. Bg5 Bb7 11. Qe2 Bxc3 12. bxc3 Nbd7 13. Bd3 Qc7 14. c4 Ng4 15. Be4 Bxe4 16. Qxe4 Ngf6 17. Qe2 Rac8 18. Rac1 Qb7 19. Qb2 Qa6 20. Qb3 Rc6 21. Rc2 Rfc8 22. Rfc1 h6 23. Bf4 Qa5 24. Bd2 Qf5 25. d5 Nc5 26. Qe3 Rd6 27. Nd4 Qd3 28. Nc6 Rd7 29. Ne5 Qxe3 30. Bxe3 Rb7 31. Rd1 Ncd7 32. Nc6 Nb8 33. Nxb8 Rbxb8 34. Bd4 Nxd5 35. Rcc1 Nb4 36. a4 Rc6 37. Be3 Rbc8 38. Rd7 a6 39. h3 Rxc4 40. Rxc4 Rxc4 41. Bxb6 Nd5 42. a5 Rc6 43. Bd4 f6 44. Kh2 h5 45. g3 Kh7 46. h4 Kg6 47. Kg2 Rc4 48. Bb6 Rb4 49. Rd6 Kf5 50. Rc6 g6 51. Ba7 Rb7 52. Bd4 e5 53. Bb6 Rd7 54. Kf3 Ne7 55. Rc2 Ke6 56. Be3 Rd5 57. Bb6 Rd6 58. Rc7 Rd3+ 59. Kg2 Rd7 60. Rc1 Rd6 61. Rc7 Nd5 62. Rb7 Nxb6 63. axb6 Kd5 64. Rg7 Rxb6 65. Rxg6 a5 66. g4 hxg4 67. h5 Ke6 68. h6 Rb8 69. Rxg4 Ra8 70. Rg7 1/2-1/2

[Event "Andorra Open"]
[Site "Andorra"]
[Date "1995.??.??"]
[Round "9"]
[White "Komarov, Dimitri"]
[Black "Psakhis, Lev B"]
[Result "0-1"]
[WhiteElo "2575"]
[BlackElo "2625"]
[PlyCount "138"]
[EventDate "1995.06.??"]
[Source "www.chesslib.no"]
[SourceDate "2004.05.04"]

1. d4 e6 2. c4 Nf6 3. Nc3 Bb4 4. e3 O-O 5. Bd3 d5 6. Nf3 c5 7. O-O cxd4 8. exd4 dxc4 9. Bxc4 b6 10. Bg5 Bb7 11. Qe2 Bxc3 12. bxc3 Nbd7 13. Bd3 Qc7 14. Rac1 Ng4 15. Be4 Bxe4 16. Qxe4 Ngf6 17. Qe2 Qb7 18. Rfe1 h6 19. Bxf6 Nxf6 20. c4 Rac8 21. Rc2 Rc7 22. Rec1 Rfc8 23. Kf1 Qa6 24. Ne1 Qa5 25. h3 Ne8 26. Qe5 Qa6 27. Qb5 Qb7 28. c5 Qd5 29. Qa4 Nf6 30. cxb6 Rxc2 31. Rxc2 Rxc2 32. Qxc2 axb6 33. Qc8+ Kh7 34. Qc2+ g6 35. Nf3 Kg7 36. Qc7 Qb5+ 37. Kg1 Nd5 38. Qe5+ Kh7 39. Qe4 Qb2 40. Ne5 Kg7 41. Nd7 Qa1+ 42. Kh2 Qxa2 43. Qe5+ Kh7 44. f4 Qa7 45. Qd6 b5 46. Ne5 Qxd4 47. Nxf7 Qxf4+ 48. Qxf4 Nxf4 49. Kg3 b4 50. Ne5 b3 51. Nc4 Nd3 52. Nd2 b2 53. Kf3 Ne1+ 54. Kf2 Nc2 55. Nb1 g5 56. Ke2 Kg6 57. Kd2 Nb4 58. Kc3 Nd5+ 59. Kxb2 Nf4 60. g3 Nxh3 61. Kc3 Kf5 62. Nd2 Kg4 63. Ne4 Kf3 64. Kd4 Nf2 65. Nc5 Kxg3 66. Nxe6 g4 67. Ke3 Nd1+ 68. Ke2 Nc3+ 69. Kf1 Kh2 0-1

[Event "Reykjavik 72/492"]
[Site "?"]
[Date "1998.??.??"]
[Round "?"]
[White "Sokolov, Ivan"]
[Black "Christiansen, Larry Mark"]
[Result "1/2-1/2"]
[WhiteElo "2625"]
[BlackElo "2575"]
[PlyCount "103"]
[Source "ChessBase"]
[SourceDate "1998.02.01"]

1. d4 e6 2. c4 Nf6 3. Nc3 Bb4 4. e3 O-O 5. Bd3 c5 6. Nf3 d5 7. O-O dxc4 8. Bxc4 cxd4 9. exd4 a6 10. Bg5 b5 11. Bd3 Bb7 12. Rc1 Nbd7 13. Bb1 Rc8 14. Re1 Be7 15. a3 Re8 16. Qd3 Nf8 17. Rcd1 Qb6 18. h4 Rcd8 19. Ne5 Rd6 20. Be3 Bd5 21. Qe2 Qb7 22. Nxd5 Nxd5 23. Qh5 Bf6 24. Be4 Qe7 25. Bg5 Ng6 26. g3 Qa7 27. Qf3 Bxg5 28. hxg5 Red8 29. Kg2 Ndf4+ 30. Kf1 Nd5 31. Rc1 Rf8 32. Red1 Nde7 33. Qc3 Qb8 34. Nf3 b4 35. Qxb4 Qxb4 36. axb4 Rb6 37. Rc4 Rfb8 38. Ra1 f5 39. gxf6 gxf6 40. b5 f5 41. Bc2 axb5 42. Rc5 R8b7 43. Bb3 Kg7 44. Ra8 Kf6 45. Ke2 Rd6 46. Ra5 Nc6 47. Raxb5 Rxb5 48. Rxb5 Rxd4 49. Rb6 Re4+ 50. Kf1 Nge7 51. Kg2 Rb4 52. Rxb4 1/2-1/2

[Event "Clarin"]
[Site "Buenos Aires"]
[Date "1979.??.??"]
[Round "3"]
[White "Spassky, Boris V"]
[Black "Andersson, Ulf"]
[Result "1/2-1/2"]
[WhiteElo "2640"]
[BlackElo "2560"]
[PlyCount "71"]
[EventDate "1979.11.??"]
[Source "ChessBase"]

1. d4 Nf6 2. c4 e6 3. Nc3 Bb4 4. e3 O-O 5. Bd3 d5 6. Nf3 c5 7. O-O dxc4 8. Bxc4 cxd4 9. exd4 b6 10. Bg5 Bb7 11. Rc1 Nbd7 12. Re1 Rc8 13. Bd3 Re8 14. Qe2 h6 15. Bh4 Be7 16. Ba6 Bxa6 17. Qxa6 Bb4 18. Qxa7 g5 19. Bg3 Ra8 20. Qb7 Qc8 21. Qxc8 Rexc8 22. h4 Bxc3 23. bxc3 Nd5 24. hxg5 Nxc3 25. Kh2 hxg5 26. Nxg5 Nf6 27. a3 Rxa3 28. Ne4 Nfxe4 29. Rxe4 Nxe4 30. Rxc8+ Kg7 31. f3 Nxg3 32. Kxg3 b5 33. d5 exd5 34. Rc5 b4 35. Rxd5 Kf6 36. Rb5 1/2-1/2

[Event "HUN-ch"]
[Site "Budapest"]
[Date "1981.??.??"]
[Round "?"]
[White "Portisch, Lajos"]
[Black "Pinter, Jozsef"]
[Result "1-0"]
[WhiteElo "2650"]
[BlackElo "2550"]
[PlyCount "103"]
[EventDate "1981.06.??"]
[Source "ChessBase"]

1. d4 Nf6 2. c4 e6 3. Nc3 Bb4 4. e3 c5 5. Bd3 O-O 6. Nf3 d5 7. O-O dxc4 8. Bxc4 cxd4 9. exd4 b6 10. Bg5 Bb7 11. Re1 Nbd7 12. Bd3 Rc8 13. Rc1 Bxc3 14. bxc3 Qc7 15. Bh4 Rfd8 16. Nd2 Re8 17. Bg3 Qc6 18. f3 Nf8 19. Nc4 Red8 20. Ne5 Qe8 21. Bh4 Ng6 22. Bxf6 gxf6 23. Ng4 Qe7 24. Qd2 Kh8 25. Qh6 Rg8 26. h4 f5 27. Bxf5 Bxf3 28. Ne5 exf5 29. Nxf3 Qf8 30. Qg5 Qd8 31. h5 Qxg5 32. Nxg5 Nh4 33. Nxf7+ Kg7 34. Nd6 Kf6 35. Nxc8 Nf3+ 36. Kh1 Nxe1 37. Nxa7 Nxg2 38. Rg1 Ra8 39. Kxg2 Rxa7 40. Rb1 Kg5 41. Kf3 Rc7 42. Rb3 Rc6 43. a4 h6 44. Ke3 Re6+ 45. Kd3 f4 46. d5 Re1 47. Kd2 Re5 48. Rb5 Kf5 49. d6 Rxb5 50. axb5 Ke6 51. Kd3 Kxd6 52. Ke4 1-0